| 000 | 01241 a2200229 4500 | ||
|---|---|---|---|
| 003 | UA-OsUOA | ||
| 005 | 20231212143403.0 | ||
| 008 | 231212b un ||||| |||| 00| 0 ukr d | ||
| 040 |
_aUA-OsUOA _beng _cUA-OsUOA _dUA-OsUOA |
||
| 041 | _aeng | ||
| 080 | _a94(5) | ||
| 090 | _a94(5) | ||
| 100 | _aQuang M. L. | ||
| 245 |
_aHistory of VietNam Question and Answers _cMai Ly Quang |
||
| 260 |
_aVietnam _bThe Gioi _c2018 |
||
| 300 | _a696 p. | ||
| 520 | _aEach nation, whether big or small, has its own history. Some nations have a smooth sailing history, but a considerable number of others have a history marked by zigzags, ups and downs, and even severe storms. That Salso the case of the Vietnamese nation. The history of Vietnam spreads over several thousand years and is used with numerous ups and downs. After periods of foreign invasion and rule, Vietnam won total independence and national reunification on 15 April 30, 1975, when South Việt Nam was liberated, opened a new for Vietnam to develop. | ||
| 650 |
_2UDC _a94 Історія загалом |
||
| 942 |
_cBK _2udc |
||
| 955 | _a2 | ||
| 999 |
_c575574 _d575574 |
||